Lí luận văn học Tập 2 Tác phẩm và thể loại văn học

Phương thức tồn tại của văn học - văn bản và tác phẩm; Ngôn từ trong văn bản văn học; Thế giới nghệ thuật, sự kiện, cốt truyện và trần thuật; Nhân vật văn học...

Tallennettuna:
Bibliografiset tiedot
Muut tekijät: Trần Đình Sử (chủ biên), La Khắc Hòa, Phùng Ngọc Kiếm, Nguyễn Xuân Nam
Aineistotyyppi: Kirja
Kieli:Vietnamese
Julkaistu: H. Đại học sư phạm 2016
Painos:In lần thứ 6, có bổ sung, sửa chữa.
Aiheet:
Tagit: Lisää tagi
Ei tageja, Lisää ensimmäinen tagi!
Thư viện lưu trữ: Mạng thư viện Đại học Đà Nẵng
LEADER 01622nam a2200397 4500
001 000025326
003 21819
005 20170926140927.0
008 170926s2016 viesd
020 |a 978-604-54-2801-6  |c 69000đ 
041 0 |a vie 
082 1 4 |a 801  |b Lil 
245 0 0 |a Lí luận văn học  |c Trần Đình Sử (chủ biên), La Khắc Hòa...  |n Tập 2  |p Tác phẩm và thể loại văn học 
246 3 |a Lý luận văn học 
250 |a In lần thứ 6, có bổ sung, sửa chữa. 
260 |a H.  |b Đại học sư phạm  |c 2016 
300 |a 439 tr.  |c 21 cm. 
520 3 |a Phương thức tồn tại của văn học - văn bản và tác phẩm; Ngôn từ trong văn bản văn học; Thế giới nghệ thuật, sự kiện, cốt truyện và trần thuật; Nhân vật văn học... 
650 0 4 |a Văn học  |x Lý thuyết 
653 |a Tác phẩm văn học 
653 |a Thể loại văn học 
700 1 |a Trần Đình Sử  |e chủ biên 
700 1 |a La Khắc Hòa 
700 1 |a Phùng Ngọc Kiếm 
700 1 |a Nguyễn Xuân Nam 
773 |d Đại học sư phạm  |d H.  |d 2016  |t Lí luận văn học  |w 21818 
OWN |a LSP 
AVA |a UDN50  |b LSP  |d 801 Lil  |e check_holdings  |t Error 5003 Not defined in file expand_doc_bib_avail.  |h N  |k 1 
999 |a From the UDN01 
AVA |a UDN50  |b LSP  |d 801 Lil  |e available  |t Error 5001 Not defined in file expand_doc_bib_avail.  |f 20  |g 9  |h N  |i 142  |k 1 
TYP |a Monograph 
TYP |a Printed language 
980 |a Mạng thư viện Đại học Đà Nẵng